000 00398nam a22001697a 4500
005 20260616111958.0
020 _a9788123445991
041 _aEnglish
082 _aT10 R24 DUB
100 _aDubianski Alexander
245 _aThinaikkolkai Uruvakkamum Sadangiyal Thonmaviyal Moolangalum
250 _a01
260 _aChennai
_bNCBH
_c2024
300 _a316
365 _b400.00
942 _cBK
999 _c177870
_d177870